Delbrück und Wilhelm II (Record no. 86641)

MARC details
000 -LEADER
campo de control de longitud fija 00628nam a2200205 i 4500
001 - NÚMERO DE CONTROL
campo de control 86641
003 - IDENTIFICADOR DE NÚMERO DE CONTROL
campo de control ES-MaACL
005 - FECHA Y HORA DE LA ÚLTIMA TRANSACCIÓN
campo de control 20250506135626.0
007 - CAMPO FIJO DE DESCRIPCIÓN FÍSICA--INFORMACIÓN GENERAL
campo de control de longitud fija t|
008 - DATOS DE LONGITUD FIJA--INFORMACIÓN GENERAL
campo de control de longitud fija 041214q1930 gw ||||1| ger d
100 1# - ENTRADA PRINCIPAL--NOMBRE DE PERSONA
Nombre de persona Kautsky, Karl.
9 (RLIN) 67661
245 10 - MENCIÓN DEL TÍTULO
Título Delbrück und Wilhelm II
Resto del título : ein Nachwort zu meinem Kriegsbuch /
Mención de responsabilidad, etc. Karl Kautsky.
260 ## - PUBLICACIÓN, DISTRIBUCIÓN, ETC.
Lugar de publicación, distribución, etc. Berlín :
Nombre del editor, distribuidor, etc. E. Berger,
Fecha de publicación, distribución, etc. [ca. 1930]
300 ## - DESCRIPCIÓN FÍSICA
Extensión 55 p. ;
Dimensiones 23 cm.
600 14 - PUNTO DE ACCESO ADICIONAL DE MATERIA--NOMBRE DE PERSONA
Nombre de persona Delbrück, Hans.
9 (RLIN) 43349
600 04 - PUNTO DE ACCESO ADICIONAL DE MATERIA--NOMBRE DE PERSONA
Nombre de persona Guillermo II,
Títulos y otros términos asociados al nombre Emperador de Alemania
9 (RLIN) 60805
650 #4 - PUNTO DE ACCESO ADICIONAL DE MATERIA--TÉRMINO DE MATERIA
Término de materia o nombre geográfico como elemento de entrada Guerra mundial, 1914-1918.
9 (RLIN) 13212
852 ## - LOCALIZACIÓN
Ubicación ES-MaACL
Número de control de estantería 1652-F-18
Holdings
Estatus retirado Estado de pérdida Estado de daño No para préstamo Colección Biblioteca de origen Biblioteca actual Ubicación en estantería Fecha de adquisición Fuente de adquisición Total de préstamos Signatura topográfica completa Código de barras Visto por última vez Precio de reemplazo Tipo de ítem Koha
        Colección de folletos Biblioteca del Ateneo de Madrid Biblioteca del Ateneo de Madrid Depósito folletos 17/01/2008     1652-F-18 1090525 23/02/2023 23/02/2023 Folleto